| 000 | 01695nam a22002537a 4500 | ||
|---|---|---|---|
| 005 | 20231003145608.0 | ||
| 008 | 231003b ||||| |||| 00| 0 eng d | ||
| 020 | _a9789356380646 | ||
| 040 | _cAL | ||
| 041 | _ahin | ||
| 082 |
_223 _aH891.8 _bDUBP |
||
| 100 |
_aRamprakash Dubey: रामप्रकाश दुबे _9135912 |
||
| 245 |
_aPrashasanik Evam Karyalayi Hindi: _bप्रशासनिक एवं कार्यालयी हिन्दी |
||
| 260 |
_aJaipur _bMark Publishers _c2023 |
||
| 300 |
_avi,310p. _bHB _c23x16cm. |
||
| 365 |
_2Hindi _a1526 A/P/2020 _b2096.00 _c₹ _d2995.00 _e30% _f11-09-2023 |
||
| 520 | _aराष्ट्रभाषा हिन्दी हिंदी का वैश्विक स्वरूप कार्यालयी हिन्दी राष्ट्रभाषा हिन्दी का मानक स्वरूप प्रशासनिक (सरकारी) पत्राचार प्रतिवेदन संक्षेपण टीप्पणी एवं प्ररूपण अलेखन (मसौधा) के स्वरूप हिन्दी समाचार लेखन अनुवाद विज्ञापन | ||
| 650 |
_aRashtrbhasha Hindi: राष्ट्रभाषा हिन्दी _9135858 |
||
| 650 |
_aSankshepan: संक्षेपण _9135859 |
||
| 650 |
_aPrativedan: प्रतिवेदन _9135860 |
||
| 650 |
_aHindi Samachar Lekhan: हिन्दी समाचार लेखन _9135861 |
||
| 700 |
_aDUBEY (Ramprakash): दुबे (रामप्रकाश) _9135862 |
||
| 942 |
_2ddc _cBK |
||
| 999 |
_c228909 _d228909 |
||